[Event "Heraklio op-A 11th"]
[Site "Heraklion"]
[Date "2007.06.15"]
[Round "7"]
[White "Mpagatelas, Kiriakos"]
[Black "Delithanasis, Dimitrios"]
[Result "0-1"]
[WhiteElo "1919"]
[BlackElo "2211"]
[PlyCount "51"]
[EventDate "2007.06.09"]
[EventType "swiss"]
[EventRounds "9"]
[EventCountry "GRE"]
[SourceTitle "EXT 2008"]
[Source "ChessBase"]
[SourceDate "2007.11.25"]
[SourceVersion "1"]
[SourceVersionDate "2007.11.25"]
[SourceQuality "1"]

1. e4 c5 2. Nf3 d6 3. d3 Nc6 4. g3 g6 5. Bg2 Bg7 6. 0-0 e5 7. Nbd2 Nge7 8. a4 0-0 9. Nc4 h6 10. c3 Be6 11. h3 f5 12. exf5 gxf5 13. Nh4 d5 14. Ne3 Qd7 15. f4 d4 16. cxd4 cxd4 17. Nc4 e4 18. Ne5 Nxe5 19. fxe5 e3 20. Qh5 Bf7 21. Qf3 Bxe5 22. Nxf5 Nxf5 23. Qg4+ Bg7 24. Rxf5 Be6 25. Bd5 Rxf5 26. Qxf5 0-1

[Event "Heraklio op-A 11th"]
[Site "Heraklion"]
[Date "2007.06.14"]
[Round "6"]
[White "Margaritis, Fotis"]
[Black "Mpagatelas, Kiriakos"]
[Result "1-0"]
[WhiteElo "2145"]
[BlackElo "1919"]
[PlyCount "61"]
[EventDate "2007.06.09"]
[EventType "swiss"]
[EventRounds "9"]
[EventCountry "GRE"]
[SourceTitle "EXT 2008"]
[Source "ChessBase"]
[SourceDate "2007.11.25"]
[SourceVersion "1"]
[SourceVersionDate "2007.11.25"]
[SourceQuality "1"]

1. e4 c5 2. Nf3 Nc6 3. Bb5 g6 4. c3 Nf6 5. e5 Nd5 6. d4 cxd4 7. Qb3 Nc7 8. Bc4 Ne6 9. cxd4 Na5 10. Qc3 Nxc4 11. Qxc4 Qc7 12. Qc3 Bg7 13. Be3 d5 14. Qb3 b6 15. Nc3 Bb7 16. 0-0 Qd7 17. Nh4 Rc8 18. f4 Rc4 19. Ne2 f5 20. exf6 Bxf6 21. Nf3 Ba6 22. Rf2 0-0 23. Rd1 Ng7 24. Ng3 Qb5 25. Ne5 Rb4 26. Qc3 Bxe5 27. dxe5 Rc8 28. Qd2 e6 29. b3 Bb7 30. Bd4 Qc6 31. Qxb4 1-0

[Event "Petroupoli op 2nd"]
[Site "Petroupoli"]
[Date "2007.05.16"]
[Round "2"]
[White "Kostouros, Alexandros"]
[Black "Mpagatelas, Kiriakos"]
[Result "1-0"]
[WhiteElo "2255"]
[BlackElo "1919"]
[PlyCount "61"]
[EventDate "2007.05.12"]
[EventType "swiss"]
[EventRounds "7"]
[EventCountry "GRE"]
[SourceTitle "EXT 2008"]
[Source "ChessBase"]
[SourceDate "2007.11.25"]
[SourceVersion "1"]
[SourceVersionDate "2007.11.25"]
[SourceQuality "1"]

1. e4 c5 2. c3 Nf6 3. e5 Nd5 4. d4 cxd4 5. cxd4 d6 6. Nf3 Nc6 7. Be2 dxe5 8. dxe5 Bf5 9. 0-0 e6 10. Qb3 Qb6 11. Qxb6 axb6 12. Nc3 0-0-0 13. Nxd5 Rxd5 14. Bf4 Bc5 15. Rac1 h6 16. a3 g5 17. Bg3 Kb8 18. b4 Be7 19. Bc4 Rd7 20. Bb5 h5 21. h4 Be4 22. Nxg5 Bxg5 23. hxg5 h4 24. Bf4 h3 25. f3 hxg2 26. Kxg2 Bd5 27. Be3 Rg8 28. Kg3 Rdd8 29. f4 Rh8 30. Bxb6 Rdg8 31. Bc4 1-0